[Event "Ciocaltea Memorial"]
[Site "Bucharest"]
[Date "2003.03.04"]
[Round "1"]
[White "Vajda, Albert"]
[Black "Iordachescu, Viorel"]
[Result "0-1"]
[WhiteElo "2427"]
[BlackElo "2550"]
[Annotator "Erenburg,S"]
[PlyCount "72"]
[EventDate "2003.03.04"]
[EventType "tourn"]
[EventRounds "13"]
[EventCountry "ROU"]
[EventCategory "9"]
[SourceTitle "CBM 094"]
[Source "ChessBase"]
[SourceDate "2003.05.26"]
[SourceVersion "1"]
[SourceVersionDate "2003.05.26"]
[SourceQuality "1"]

1. e4 d6 2. d4 Nf6 3. Bd3 e5 4. dxe5 $6 {After this move it will be very
difficult to white to  fight for the advantage.} ({The most principal
continuation is} 4. c3 d5 $5 (4... Nc6 {1-0 Handke,F-Lobron,E/Altenkirchen
2001/CBM 87/[Huzman] (42)}) 5. dxe5 Nxe4 6. Nf3 (6. Bxe4 $6 dxe4 7. Qa4+ Bd7 8.
Qxe4 Bc6 9. Qg4 h5 10. Qh3 Qd7 $1 $36) 6... Nc6 {0-1 Bastian,H-Lobron,E/
Altenkirchen 2001/CBM 87/[Gofshtein,L] (30)} (6... Nc5 {1-0 Fedorov,A-David,A/
Leon 2001/CBM 86/[Gofshtein,L] (30)})) (4. Nf3 {1/2-1/2 Lautier,J-Kramnik,V/
Biel 1993/CBM 37/[Kramnik] (41)}) 4... dxe5 5. Nf3 Bd6 ({Black equalizes also
after} 5... Nbd7 6. Bg5 (6. O-O Bd6 7. Nbd2 Nc5 8. Nc4 Qe7 9. Qe2 Bg4 10. h3
Bh5 11. b3 Ne6 12. c3 h6 13. Nxd6+ Qxd6 14. Bc4 Ng5 15. Bxg5 hxg5 16. Qe3 g4
$13 {0-1 Yandemirov,V-Berelovich,A/Smolensk 1992/EXT 97 (69)}) 6... c6 7. Nbd2
Qc7 8. Bh4 Bc5 9. Nb3 Be7 10. Qd2 a5 11. a4 O-O $11 {0-1 Lupu,M-Malaniuk,V/
Calimanesti 1992/EXT 98 (35)}) 6. Nbd2 {In according to my database this move
was played at the first time. In the preciding games white tried:} (6. h3 h6 7.
O-O O-O 8. Be3 Qe7 9. c4 $6 Nbd7 10. Nc3 c6 11. Qc2 Nc5 $11 {0-1 Abel,E-Wiens,
H/Germany 1992/EXT 2003 (28)}) (6. O-O Bg4 7. h3 Bh5 8. b3 Nbd7 9. Bb2 Qe7 10.
Nbd2 c6 11. Nc4 Bc7 12. a4 O-O-O $6 13. Ba3 Qe6 14. Ne3 Kb8 $6 (14... Bg6 $5)
15. Nf5 $16 {0-1 Duran Cuevas,A-Bellon Lopez,J/Palma de Mallorca 2000/EXT 2003
(75)}) 6... O-O 7. Nc4 {Six days later Vajda Albert has already chosen another
plan, starting with castle and not fianchetting his dark-squared bishop:} (7.
O-O Nbd7 8. c3 b6 9. Re1 Bb7 10. Bc2 Qe7 11. Nc4 Nc5 12. Bg5 h6 13. Bh4 Qe6 14.
Nxd6 cxd6 15. Nd2 Rac8 (15... d5 $5) 16. b4 Ncd7 17. Bb3 Qe7 $6 (17... d5 $142
$11 {[%cal Ye6c6]}) 18. Nc4 $16 {1/2-1/2 Vajda,A-Firman,N/Victor Ciocaltea Mem,
Bucharest ROM 2003 (51)}) 7... Nbd7 {Black chooses the plan of fianchetting
his light-squared bishop with following b7-b6, Bb7.} 8. O-O b6 {Black is going
to fianchete his light-squared bishop to b7 and is going to put pressure on
the white's central pawn e4 with following Nd7-c5.} 9. b3 Bb7 10. Bb2 (10. Re1
{comes to consideration.}) 10... Qe7 {Not the best move. Black had more
attractive continuation that he missed.} (10... Nxe4 {was called for. In all
variations black gets very comfortable position, for instance:} 11. Re1 (11.
Nfxe5 Nxe5 12. Nxe5 Bxe5 13. Bxe5 Qd5 $17) (11. Ncxe5 Nxe5 12. Bxe5 Ng5 $1 13.
Nxg5 Qxg5 14. Bg3 Qd5 $17) 11... Nec5 12. Nfxe5 Nxe5 13. Bxe5 Bxe5 14. Nxe5 (
14. Rxe5 Nxd3 $15) 14... Qg5 $15) 11. Re1 Rad8 $11 {Both sides have completed
the development, they haven't weaknesses, their pawn structures are simmetric,
also the figures are occupied simmetric positions , so their chances are equal.
} 12. Qc1 {It isn't so easy to understand what was the white's idea of this
move, because four moves later he will play Qc1-d1.} ({Deserved attention:} 12.
Qe2 Nh5 $140 13. g3 {[%cal Ge2h5,Ya1d1]}) 12... Nh5 {[%cal Gh5f4]} (12... Rfe8
{not bad as well.}) 13. g3 {preventing Nf4.} Rfe8 {Both opponents haven't any
clear plan, so they started with manouevres.} (13... f5 {wasn't the best
decision in view of:} 14. Qg5 $1 Nhf6 (14... fxe4 15. Nxd6 Qxd6 16. Bc4+ Kh8
17. Nxe5 $14) 15. Nxd6 cxd6 (15... Qxd6 16. Rad1 $14 {[%cal Gd3c4]}) 16. Nh4 $1
) 14. Nxd6 cxd6 15. b4 {preventing Nc5.} Rc8 16. Qd1 {White has achieved a
pair of bishops, but his position isn't better, because black is going to
achieve counterplay on the king side with following g7-g6, Nh5-g7 and the
breakthrough f7-f5. If black manages to carry out this plan, his light-squared
bishop is going to be very strong.} g6 (16... Nhf6 {[%cal Yd6d5] comes to
consideration.} 17. c4 $13) 17. a3 Ng7 18. Nd2 {[%cal Yd2c4]} Rf8 {[%cal Yf7f5]
admitting that 13...Rfe8 was without concrete idea.} ({Black could play} 18...
f5 {, preventing Nc4, but after} 19. c4 Qf7 20. Qe2 {white's position is
slightly better.}) 19. Nc4 (19. c4 {deserves attention. See 18...f5 variaton.})
(19. f4 $5 $14) 19... Nf6 ({Probably better was} 19... Qe6 20. Qe2 (20. Ne3 f5
21. exf5 Nxf5 22. Nxf5 gxf5 $132) 20... f5 $13) 20. f3 (20. Qe2 $5 $14 Nxe4
$140 $2 21. Bxe4 d5 22. Bxd5 Bxd5 23. Nxe5 $16) 20... h5 21. h4 $6 {Serious
strategical mistake, white is weakening his camp on the king side. And black
is going to use this with next plan: Nf6-h7, g6-g5.} (21. a4 $5) (21. Qd2 $5)
21... Nh7 {[%cal Gg6g5] Black had alternative position for his knight:} (21...
Nfe8 $5 {[%csl Gd6,Ye8][%cal Yf7f5,Yg6g5]}) 22. Bf1 {[%cal Yc4e3]} Rcd8 23. f4
$6 {This move looks like active and good, but it weakens important square g4,
and black immediately transfers his knight there.} (23. Re2 $5 {[%cal Ye2d2]}
d5 $140 24. exd5 Rxd5 25. Rxe5) (23. Ne3 $5) 23... Nf6 $1 (23... exf4 $2 24.
Qd4 f6 25. gxf4 $14) 24. fxe5 dxe5 25. Qf3 Ng4 {Black knights is going to
occupy perfect positions. He would start from Ng7-f5:} (25... Nf5 $5 26. Nxe5 (
26. Bxe5 Nxe4) 26... Nd4 27. Qf4 Qxe5 28. Qxe5 Nf3+ 29. Kh1 Nxe5 30. Bxe5 Nxe4
$11) 26. Rad1 $6 {allows to black to transfer his knight from g7 to f5.} (26.
Ne3 $1 Qf6 (26... Nxe3 27. Qxe3 $14) (26... Rd2 27. Re2 $14) 27. Qe2 Nxe3 28.
Qxe3 Ne6 $11) 26... Nf5 {[%csl Gf5,Gg4]} 27. Bh3 ({Deserved attention} 27. Nxe5
Nxe5 28. Qf4 Rxd1 29. Rxd1 Nxh4 30. gxh4 Ng4 31. Bc4 $13 {[%csl Gb2,Gc4]}) (27.
Rxd8 Rxd8 28. Bd3 Nd4 (28... Qc7 $5) 29. Bxd4 Rxd4 $15) 27... Qc7 28. Bxg4 (28.
Qc3 Nd4 29. Bxg4 hxg4 {see the game.}) 28... hxg4 29. Qc3 $2 ({Better was} 29.
Qf2 Rxd1 30. Rxd1 Qxc4 31. exf5 {and white is close to equal.}) (29. Qxg4 Qxc4)
29... Nd4 $17 {[%csl Yb7,Yd4][%cal Gd4f3] Black succeeded to activate his
pieces, especially his knight, transfering it to central square d4.} 30. Kg2 $6
({More resistant was} 30. Nxe5 Ne2+ 31. Rxe2 Rxd1+ 32. Kf2 Qxc3 33. Bxc3 Rc8
$17) 30... Nf3 $19 {Now white is unable to maintain the material equality, the
central pawn e4 will be captured and black's attack will be very dangerous.}
31. Rf1 (31. Nxe5 Nxe1+ 32. Rxe1 Qxc3 33. Bxc3 Rc8 $19) 31... Bxe4 32. Kf2 (32.
Rxd8 Rxd8 33. Kf2 Rc8 $19) 32... Rc8 {The simplest way. Black is going to
winning endgame with two pawns up.} 33. Nd6 Qxc3 34. Bxc3 Rxc3 35. Nxe4 Rxc2+
36. Ke3 f5 0-1

[Event "Moscow Aeroflot op-A"]
[Site "Moscow"]
[Date "2004.02.24"]
[Round "8"]
[White "Dvoirys, Semen I"]
[Black "Tkachiev, Vladislav"]
[Result "1-0"]
[WhiteElo "2594"]
[BlackElo "2642"]
[Annotator "Erenburg,S"]
[PlyCount "105"]
[EventDate "2004.02.17"]
[EventType "swiss"]
[EventRounds "9"]
[EventCountry "RUS"]
[SourceTitle "CBM 100"]
[Source "ChessBase"]
[SourceDate "2004.06.01"]
[SourceVersion "1"]
[SourceVersionDate "2004.06.01"]
[SourceQuality "1"]

1. e4 d6 2. d4 Nf6 3. Nc3 g6 4. f3 c6 5. Be3 Nbd7 {Another theoretical
possibility is} (5... b5 6. g4 (6. e5 b4 $1 $132) 6... Bg7 7. Qd2 h5 8. g5 Nfd7
9. f4 Nb6 10. Nf3 d5 11. Ne5 b4 12. Ne2 dxe4 13. Ng3 h4 14. Nxe4 Bf5 15. Bg2
$13 {Yudasin,L-Gipslis,A,USSR 1983}) 6. Qd2 {White has the following
alternatives:} (6. h4 {1-0 Topalov,V-Beliavsky,A/Linares 1995/CBM 46/[Stohl] 
(73)}) (6. g4 $5 Qb6 7. Qc1 Bg7 8. Nge2 a6 9. h4 c5 10. h5 Rg8 11. a3 Qc6 12.
Bg2 b6 13. Qd2 Bb7 14. Rg1 Qc7 15. h6 Bh8 16. g5 Nh5 17. O-O-O cxd4 18. Bxd4
Bxd4 19. Qxd4 Qc5 20. f4 Qxd4 21. Rxd4 Nc5 22. Nd5 Rc8 23. Kb1 b5 24. Bf3 $16 {
Yudasin,L-Chernin,A/Pamplona/1991}) 6... b5 {occupying some space on the
queenside.} (6... e5 7. O-O-O Qa5 8. Kb1 Bg7 9. h4 h5 10. dxe5 dxe5 11. Nh3 Bf8
$1 12. Ng5 Bc5 13. Bc4 O-O 14. Bxc5 Qxc5 15. Bb3 Qe7 16. Qd6 Qxd6 17. Rxd6 Kg7
18. Rhd1 Nc5 19. Rd8 Nxb3 20. axb3 Ne8 21. Na4 Nc7 22. Nc5 b6 23. Rxf8 Kxf8 24.
Nd7+ Kg7 $10 {Magem Badals,J-Beim,V/Novi Sad olm/1990/}) 7. Nge2 Bb7 {Black
tried also the following continuations:} (7... Bg7 {0-1 Galkin,A-Gagunashvili,
M/Batumi 2002/CBM 90/[Avrukh,B] (34)}) (7... Nb6 8. b3 Bg7 9. Bh6 Bxh6 10. Qxh6
e5 11. a4 b4 12. a5 Nbd7 13. Nd1 d5 14. exd5 Nxd5 15. Ne3 Nxe3 16. Qxe3 Qe7 17.
dxe5 Qxe5 18. Qxe5+ Nxe5 $11 {1-0 Miladinovic,I-Azmaiparashvili,Z/Saint
Vincent 2003/CBM 92 ext (48)}) (7... e5 8. O-O-O Qa5 9. a3 Bg7 10. dxe5 dxe5
11. Qd6 Bb7 12. Kb1 O-O-O 13. Qe7 Rhf8 14. Nc1 $16 {1-0 Anand,V-Smirin,I/
Moscow 1994/CBM 40 ext (42)}) 8. Bh6 $146 {This position appeared for the
first time. In the previous game white tried} (8. g4 Qa5 9. Ng3 h5 10. g5 h4
11. Nge2 Nh5 12. Bh3 e6 13. O-O d5 14. a3 Bd6 15. Nc1 Qc7 16. Nd3 $14 {1-0
Espig,L-Sznapik,A/Sochi 1974/EXT 2001 (83)}) 8... Bxh6 9. Qxh6 e5 {After
exchanging the dark-squared bishops black is carrying out e7-e5, thus, tries
to take control over the dark squares.} 10. dxe5 dxe5 11. Nc1 $1 {Typical
manouevre for such structures. White cannot suffer black's knight on c5, so he
changes it.} Nc5 12. Nd3 Nxd3+ 13. Bxd3 Ng8 ({Comes to consideration} 13... Qe7
{with following long castle.}) 14. Qe3 Qe7 {covering dark squares.} 15. O-O-O
a6 {preparing long castle, and, sometimes c6-c5.} (15... Bc8 $2 {[%cal Yc8e6]
Black cannot realize the transfer of his light-squared bishop to e6 in view of}
16. Bxb5 $1 cxb5 17. Nd5 Qd6 18. Qc3 $18) ({Of course not} 15... O-O-O $2 16.
Qxa7) 16. h4 {Black's position is solid. White doesn't have anything concrete
on the queenside, therefore, he occupies some advantage on the kingside.} (16.
Rd2 {doesn't promise white anything special.} Nf6 17. Rhd1 O-O-O $11) 16... Nf6
17. g4 Nd7 {Bluck doesn't hurry with the castle, but first improves the
position of his pieces, taking control over the c5 square.} 18. Kb1 {
Prophylactic move.} O-O-O $11 {In my opinion, black can be satisfied with the
results of the opening. He completed the development. Maybe white has a slight
space advantage, but, on the other hand, black has control over some important
squares like c5 and d5. Therefore, black's position isn't worse.} 19. g5 {
White obviously prepares the h3-c8 diagonal for his light-squared bishop, and,
at the same time, tries to freeze black's kingside pawns.} Kb8 {liberating the
c8 square for the light-squared bishop, which can be transfered to e6.} (19...
c5 20. Bf1 $1 {[%cal Yc3d5,Yf1h3]}) 20. Bf1 {intending the occupation of the
h3-c8 diagonal.} ({Deserves attention} 20. Ne2 {, transfering the knight to b3
via c1.}) 20... Qc5 $1 {taking control over the a7-g1 diagonal.} 21. Qd2 {
Of course, white isn't interested in trading the queens.} Bc8 $1 {Very strong
move, which prevents white's Bh3.} 22. Bd3 ({Much worse is} 22. Bh3 $2 {
, in view of} Nb6 $1 23. Qxd8 Rxd8 24. Rxd8 Kc7 25. Rdd1 Bxh3 26. Rxh3 Nc4 $17)
22... Nb6 23. Ne2 $1 {Better later, than never. White's knight was located
terrible on c3, as he didn't have any square. Now white is going to improve
its position, transfering it to b3.} Be6 24. Nc1 {[%cal Yc1b3]} Qe7 $6 {
[%cal Gc6c5] I don't think black should give up on the g1-a7 diagonal.
Probably he felt, that he is ready for developing the initiative, as his
pieces are located good. But the position isn't so simple...} ({Better is} 
24... Rd7 25. Nb3 $140 Bxb3 26. axb3 Rhd8) 25. Qe3 $1 c5 26. c3 {preparing the
c2 square for the light-squared bishop.} (26. Be2 {was possible as well.})
26... Qc7 27. Bc2 {preparing the attack of black pawn c5 with Nb3.} Rc8 {
Black can give up on "d" file, as white doesn't have the squares for invasion.}
28. Qf2 a5 {intending to develop the initiative on the queenside.} 29. f4 $1 b4
(29... exf4 30. Nd3 $36 {[%cal Gd3f4]}) 30. f5 $1 $36 Bd7 31. Rh3 $1 {[%mdl
2048] Elegant move. White gets the rook into the game through the third rank.}
h6 {trying to get the kingside rook into the game.} 32. Rhd3 hxg5 33. hxg5 Bc6
34. Rf3 $1 {[%mdl 2048]} bxc3 35. Rxc3 c4 36. fxg6 fxg6 37. Rf3 $1 {[%mdl 2048]
preparing the invasion through the "f" file.} Qb7 38. Rf7 Rc7 $2 {losing a
pawn.} ({Better is} 38... Nd7 39. Ka1 $1 $14) 39. Qf6 Rhc8 40. Rxc7 Qxc7 41.
Qxg6 $16 {/+-. White is a pawn up, while black doesn't have enough resources
to create threats against white's king.} Ba4 ({Doesn't change too much:} 41...
c3 42. b3 a4 43. Qd6 $16 {/+-}) 42. Ne2 $1 {[%mdl 2048] transfering the knight
to the much more attractive c3 square.} c3 43. b3 (43. Nxc3 {was even stronger.
} Bxc2+ 44. Kxc2 Nc4 45. Rd3 $18 {But in real game it is much more difficult
to take such pawn, especially when you are in time trouble...}) 43... Be8 44.
Qd6 {Right decision to trade the queens.} Bh5 45. Qxc7+ Kxc7 (45... Rxc7 46.
Rd8+ $18 {[%cal Ye2g3]}) 46. Bd3 $18 {This endgame is obviously winning for
white. He is a pawn up, also black's c3 pawn is doomed, so the rest is a
matter of an easy technique.} Nd7 47. Rh1 $1 {[%cal Ge2c3,Gh1h5]} Bxe2 (47...
Bf3 48. Rh3 $18) 48. Bxe2 Rg8 49. Rg1 Nf6 50. g6 $1 Nxe4 (50... Rg7 {doesn't
change anything:} 51. Bf3 Nd7 52. Rg5 Kd6 53. Bg4 $18) 51. g7 Nd6 52. Bc4 Nxc4
53. bxc4 {with following capture of c3 pawn.} 1-0

[Event "Moscow Aeroflot op-A"]
[Site "Moscow"]
[Date "2004.02.25"]
[Round "9"]
[White "Sorokin, Maxim"]
[Black "Mamedov, Rauf"]
[Result "1-0"]
[WhiteElo "2574"]
[BlackElo "2468"]
[Annotator "Erenburg,S"]
[PlyCount "67"]
[EventDate "2004.02.17"]
[EventType "swiss"]
[EventRounds "9"]
[EventCountry "RUS"]
[SourceTitle "CBM 100"]
[Source "ChessBase"]
[SourceDate "2004.06.01"]
[SourceVersion "1"]
[SourceVersionDate "2004.06.01"]
[SourceQuality "1"]

1. e4 c5 2. c3 d6 3. d4 Nf6 4. Bd3 ({Another theoretical line is} 4. dxc5 Nc6)
4... g6 5. Nf3 Bg7 {transforming to the Pirc defence.} 6. O-O O-O 7. Re1 ({
Possible alternative to the move in the game is preventing of a pin along
h5-d1 diagonal:} 7. h3 {1/2-1/2 Nisipeanu,L-Efimenko,Z/Germany 2004/CBM 100_01/
[Erenburg] (23)}) 7... Nfd7 $6 $146 {I don't understand the idea of this move.
In this way, black doesn't pressure white's centre. Also black plays the
second time with the same piece in the opening, which is contradicted with the
basic rules. Better was one of the following options, which create pressure on
white's centre:} (7... cxd4 8. cxd4 Bg4 9. Nbd2 Nc6 {1-0 Eingorn,V-Degraeve,J/
Koszalin 1999/CBM 73/[Finkel,A] (57)}) (7... Nc6 8. d5 Nb8 9. c4 Bg4 10. Nbd2
e5 11. h3 Bd7 12. a3 Na6 13. Rb1 Bh6 14. b4 $14 {0-1 Grechihin,V-Ibragimov,I/
Samara 2000/CBM 78 (52)}) (7... Bg4 8. dxc5 (8. Nbd2 cxd4 9. cxd4 Nc6 {- see 7.
..cxd4.}) 8... dxc5 9. h3 Bxf3 10. Qxf3 Nc6 11. Bf4 Nh5 12. Bh2 Qb6 13. Qe2 Be5
$11 {0-1 Gertler,D-Benjamin,J/Parsippany 1999/EXT 2000 (82)}) 8. Bf1 (8. d5 $5
{is possible. But this idea is better to realise with a tempo after black
plays Nc6.}) (8. Be3 Nc6 9. Bf1 {see the game.}) 8... Nc6 9. Be3 {
strengthening the centre.} ({At this moment} 9. d5 $5 {was logical, and
probably promised white a better position.} Nce5 10. Nxe5 Nxe5 11. f4 Nd7 12.
Nd2 $14) 9... Nf6 {Third move with the same piece. After this move we
understand that 7...Nfd7 wasn't a successful decision.} ({Black doesn't
equalize after} 9... cxd4 $5 10. cxd4 Nb6 11. Nbd2 $14 (11. h3 d5 12. e5 Nc4
$132)) {After white developed almost all his pieces, he is ready to play more
aggressive. In this way, white gets a space advantage on the queenside:} 10. d5
Nb8 {The fifth move with the knights! Black's play doesn't go in accordance
with opening rules. That's why white succeeds to get an advantage.} 11. Nbd2 h6
{covering the g5 square, thus, preparing an attack of white's centre with
e7-e6.} (11... e6 12. dxe6 Bxe6 13. Ng5 $14 {[%cal Gd2c4]}) 12. h3 {White
prepares the h2-b8 diagonal for his dark-sqaured bishop, and, at the same time,
he covers the g4 square.} e6 {Sooner or later black should play it.} (12... e5
13. dxe6 {- see the game.}) 13. dxe6 (13. Qb3 $5 e5 $5) ({Worse is} 13. c4 {
, as it opens the long diagonal for black's dark-squared bishop.}) 13... Bxe6
14. Bf4 {Now white is ready to attack black's central pawn d6 with Nb3 or Nc4.}
d5 {changing his weak pawn.} 15. exd5 Nxd5 16. Bg3 Nc6 17. Nc4 $14 {[%cal
Gg3d6] White's position is slightly better, thanks to the more active
positions of his pieces. White can make use of the weakness of the dark
squares in the black camp.} b6 {defending c5 pawn.} ({Black doesn't succeed to
neutralize white's initiative after} 17... Nce7 18. Qb3 Nf5 19. Be5 b6 20. Rad1
$14) 18. Qc2 {preparing to get the queenside rook into the game through the d1
square.} Qf6 $2 {Unsuccessful decision. The queen on f6 is located badly,
because it can be attacked by white's active light pieces.} ({Better was} 18...
Nce7 19. Rad1 (19. Nd6 Nc8) 19... Nf5 20. Be5 $14) 19. Rad1 Rfd8 20. Qa4 $1 {
Now white emphasizes the weaknesses in black's camp.} Nde7 21. Nd6 $1 $16 {
[%cal Gf1b5,Yg3e5] The activity of white's pieces together with the weaknesses
on black's queenside promise white an obvious advantage.} a6 {The only move,
which covers the b5 square.} 22. Ne4 $1 {winning the a6 pawn.} Qf5 23. Rxd8+
Rxd8 24. Qxa6 {Now white is going to win another weak pawn b6.} Bd5 25. Nd6 Qf6
26. Ne4 Qf5 27. Ned2 Nc8 28. Bc7 $1 Rf8 29. Bc4 $1 $18 {The precisest move.
White changes black's active bishop, afterwards he will capture the b6 pawn.
White's material advantage is going to grow for two pawns, so the rest is an
easy job for white.} (29. Bxb6 {promised a decisive advantage as well:} Nxb6 (
29... Nb8 30. Qb5 Nxb6 31. Qxb6 Bxa2 32. c4 Qc2 33. Re7 $18) 30. Qxb6 Rb8 31.
Qxc5 Bf8 32. Qe3 Rxb2 33. a4 $18) 29... Bxc4 (29... Qd7 30. Bxb6 $18) 30. Nxc4
Qd3 {Black tries to create some difficulties in white's realization, but white
solves that simple problem.} 31. Qa4 $1 Nb4 (31... Qd7 32. Bxb6 $18) 32. Nxb6
Nc2 33. Rc1 Ne3 34. Nd7 (34. Qd7 {wins as well.}) (34. Nd7 Nd5 35. Rd1 Qf5 36.
Nxf8 Nxc7 37. Qd7 $18) 1-0